000 00503nam a2200193Ia 4500
008 191130s2009##################000#0#eng##
020 _a9781416594963
022 _a2010668610
040 _aACL
_cACL
082 _a813.54 BEY
100 _aBeyer, Kirsten
245 _aFull circle
_cKristen Beyer
260 _aNew York
_bPocket Books
_c2009
300 _a564, [1] p. ; 18 cm
650 _aStar Trek fiction
990 _a63dac87eac10000c7e3ec5ac524e8ae8
991 _a306461
999 _c264090
_d264090